Les musées d'histoire du xxe siècle en Europe (notice n° 2065372)
[ vue normale ]
| 000 -LEADER | |
|---|---|
| fixed length control field | 00759cam a2200157 4500500 |
| 005 - DATE AND TIME OF LATEST TRANSACTION | |
| control field | 20260405003215.0 |
| 041 ## - LANGUAGE CODE | |
| Language code of text/sound track or separate title | fre |
| 042 ## - AUTHENTICATION CODE | |
| Authentication code | dc |
| 100 10 - MAIN ENTRY--PERSONAL NAME | |
| Personal name | Wahnich, Sophie |
| Relator term | author |
| 245 00 - TITLE STATEMENT | |
| Title | Les musées d'histoire du xxe siècle en Europe |
| 260 ## - PUBLICATION, DISTRIBUTION, ETC. | |
| Date of publication, distribution, etc. | 2005.<br/> |
| 500 ## - GENERAL NOTE | |
| General note | 72 |
| 520 ## - SUMMARY, ETC. | |
| Summary, etc. | RésuméLes pouvoirs publics ont consacré d’importants budgets pour mettre à disposition du public des versions « sensibles » de leur histoire ; une histoire faite d’émotions, capable de venir prendre le visiteur là où la mémoire familiale et l’histoire scolaire l’ont laissé. |
| 786 0# - DATA SOURCE ENTRY | |
| Note | Études | 403 | 7 | 2005-07-01 | p. 29-41 | 0014-1941 |
| 856 41 - ELECTRONIC LOCATION AND ACCESS | |
| Uniform Resource Identifier | <a href="https://shs.cairn.info/revue-etudes-2005-7-page-29?lang=fr&redirect-ssocas=7080">https://shs.cairn.info/revue-etudes-2005-7-page-29?lang=fr&redirect-ssocas=7080</a> |
Pas d'exemplaire disponible.




Réseaux sociaux